00325nam a2200109Ia 4500008004100000100002100041245003200062260001300094260002100107999001700128952007000145180219s9999 xx 000 0 und d aMunsi Preamchand 0aPreamchand Ki Amar Kahaniya a"Mathura cGrahnth Bandhan" c42716d42716 00102ddc4070a19b19l0p19-B-6122r2018-02-22w2018-02-22y01